Responsabilidad social: un imperativo ético para una sociedad global: cátedra Raúl Bitrán Nachary 2010

Uloženo v:
Podrobná bibliografie
Korporativní autor: Universidad de La Serena. Dirección de Extensión (Autor)
Médium: Kniha
Jazyk:španělština
Vydáno: La Serena Universidad de La Serena. Dirección de Extensión 2012
Vydání:2a. ed
Témata:
Tagy: Přidat tag
Žádné tagy, Buďte první, kdo vytvoří štítek k tomuto záznamu!

MARC

LEADER 00000cam a2200000 a 4500
001 UCF7027
003 CL-VaPUC
008 130606e20120400CL |||||||||||||||||spa|d
020 |a 9789567393664 
082 0 4 |a 303.4  |b UNI  |2 21 
110 2 |a Universidad de La Serena. Dirección de Extensión  |e author  |9 568996 
245 1 0 |a Responsabilidad social: un imperativo ético para una sociedad global: cátedra Raúl Bitrán Nachary 2010 
250 |a 2a. ed 
300 |a 170 p 
942 |c BK 
945 |d 20130606 00:00:00  |a dcastane 
260 |a La Serena  |b Universidad de La Serena. Dirección de Extensión  |c 2012 
650 0 |a Globalización  |9 361930 
650 0 |a Responsabilidad social  |9 339076 
650 0 |a Cambio cultural  |9 338163 
650 0 |a Sociedad  |9 307903 
583 |a last modification  |c 20130606 11:56:00  |k Rodrigo Vera 
999 |c 351987  |d 351985 
952 |0 0  |1 0  |4 0  |6 303_400000000000000_UNI_2012  |7 0  |8 A  |9 456466  |a BIBGIM  |b BIBGIM  |d 2019-11-22  |i 4971957  |o 303.4 UNI 2012  |p 4971957  |r 2025-01-15  |w 2019-11-22  |y BK  |k GIM